<?xml version="1.0" encoding="UTF-8"?>
<record
    xmlns:xsi="http://www.w3.org/2001/XMLSchema-instance"
    xsi:schemaLocation="http://www.loc.gov/MARC21/slim http://www.loc.gov/standards/marcxml/schema/MARC21slim.xsd"
    xmlns="http://www.loc.gov/MARC21/slim">

  <leader>02046nam a2200289 i 4500</leader>
  <controlfield tag="001">180989</controlfield>
  <controlfield tag="003">ES-MaACL</controlfield>
  <controlfield tag="005">20250730063153.0</controlfield>
  <controlfield tag="008">120928s2010    sp           |||| | spa d</controlfield>
  <datafield tag="040" ind1=" " ind2=" ">
    <subfield code="c">ES-MaACL</subfield>
  </datafield>
  <datafield tag="080" ind1=" " ind2=" ">
    <subfield code="a">658.011.14</subfield>
  </datafield>
  <datafield tag="100" ind1="1" ind2=" ">
    <subfield code="a">Vives, Antonio</subfield>
    <subfield code="c">(economista)</subfield>
    <subfield code="e">aut</subfield>
    <subfield code="9">151461</subfield>
  </datafield>
  <datafield tag="245" ind1="1" ind2="3">
    <subfield code="a">La responsabilidad social de las empresas :</subfield>
    <subfield code="b">enfoques ante la crisis : reflexiones con motivo de la III Conferencia Espa&#xF1;a-Iberoam&#xE9;rica sobre la Responsabilidad Social de las Empresas / </subfield>
    <subfield code="c">Antonio Vives</subfield>
  </datafield>
  <datafield tag="250" ind1=" " ind2=" ">
    <subfield code="a">1&#xAA; ed.</subfield>
  </datafield>
  <datafield tag="260" ind1=" " ind2=" ">
    <subfield code="a">Madrid : </subfield>
    <subfield code="b">Fundaci&#xF3;n Carolina, </subfield>
    <subfield code="c">2010</subfield>
  </datafield>
  <datafield tag="300" ind1=" " ind2=" ">
    <subfield code="a">61 p&#xE1;ginas ; </subfield>
    <subfield code="c">21 cm</subfield>
  </datafield>
  <datafield tag="520" ind1=" " ind2=" ">
    <subfield code="a">Los d&#xED;as 20 y 21 de octubre de 2010 se celebr&#xF3; en la ciudad de M&#xE9;xico la III Conferencia Internacional de Responsabilidad Social de las Empresas (RSE), organizada por las fundaciones Carolina de Espa&#xF1;a y M&#xE9;xico con el apoyo de la Fundaci&#xF3;n Euroam&#xE9;rica. En la conferencia se abordaron las &#xFA;ltimas tendencias en RSE en Iberoam&#xE9;rica con especial &#xE9;nfasis en el papel de la RSE en la crisis "de responsabilidad" que origin&#xF3; la crisis econ&#xF3;mica y financiera, la importancia de las pol&#xED;ticas p&#xFA;blicas que promueven el avance en la materia, el papel de los medios de comunicaci&#xF3;n y su particular responsabilidad, as&#xED; como algunas perspectivas de futuro. Antonio Vives. director de la Conferencia, recoge en esta publicaci&#xF3;n las reflexiones que surgieron en las distintas intervenciones y ponencias</subfield>
  </datafield>
  <datafield tag="530" ind1=" " ind2=" ">
    <subfield code="a">Disponible en formato digital </subfield>
  </datafield>
  <datafield tag="650" ind1=" " ind2="7">
    <subfield code="a">Responsabilidad social de la empresa</subfield>
    <subfield code="2">embne</subfield>
    <subfield code="9">16871</subfield>
  </datafield>
  <datafield tag="710" ind1="2" ind2=" ">
    <subfield code="a">Fundaci&#xF3;n Carolina</subfield>
    <subfield code="e">edt</subfield>
    <subfield code="9">147407</subfield>
  </datafield>
  <datafield tag="852" ind1=" " ind2=" ">
    <subfield code="a">ES-MaACL</subfield>
    <subfield code="b">R.147108</subfield>
    <subfield code="c">DEPO1</subfield>
    <subfield code="d">Olim: N-5217</subfield>
    <subfield code="h">Donaci&#xF3;n Real Academia Espa&#xF1;ola </subfield>
    <subfield code="j">A-12212</subfield>
    <subfield code="9">187870</subfield>
  </datafield>
  <datafield tag="856" ind1="4" ind2=" ">
    <subfield code="u">https://www.fundacioncarolina.es/la-responsabilidad-social-de-las-empresas-enfoques-ante-la-crisis/</subfield>
    <subfield code="y">Versi&#xF3;n en l&#xED;nea</subfield>
    <subfield code="z">(Fundaci&#xF3;n Carolina)</subfield>
  </datafield>
  <datafield tag="914" ind1=" " ind2=" ">
    <subfield code="9">6336</subfield>
    <subfield code="a">Real Academia Espa&#xF1;ola</subfield>
    <subfield code="e">dnr</subfield>
  </datafield>
  <datafield tag="942" ind1=" " ind2=" ">
    <subfield code="c">MONOGRAFIA</subfield>
    <subfield code="n">0</subfield>
  </datafield>
  <datafield tag="999" ind1=" " ind2=" ">
    <subfield code="c">180989</subfield>
    <subfield code="d">180989</subfield>
  </datafield>
  <datafield tag="952" ind1=" " ind2=" ">
    <subfield code="0">0</subfield>
    <subfield code="1">0</subfield>
    <subfield code="2">udc</subfield>
    <subfield code="4">0</subfield>
    <subfield code="7">0</subfield>
    <subfield code="8">Colecci&#xF3;n_digital</subfield>
    <subfield code="a">ATENEOM</subfield>
    <subfield code="b">ATENEOM</subfield>
    <subfield code="c">DEPO1</subfield>
    <subfield code="d">2012-09-28</subfield>
    <subfield code="e">DONACION</subfield>
    <subfield code="l">0</subfield>
    <subfield code="o">A-12212</subfield>
    <subfield code="p">1190195</subfield>
    <subfield code="r">2023-02-23 00:00:00</subfield>
    <subfield code="y">MONOGRAFIA</subfield>
  </datafield>
</record>
